Proces vybavovania reklamácií
Gespeichert in:
| 1. Verfasser: | |
|---|---|
| Körperschaft: | |
| Format: | Buch |
| Sprache: | Slowakisch |
| Veröffentlicht: |
Hronský Beňadik
NETRI
2004
|
| Schlagworte: | |
| Tags: |
Keine Tags, Fügen Sie das erste Tag hinzu!
|
MARC
| LEADER | 00000nam$a2200000$$$4500 | ||
|---|---|---|---|
| 001 | 0057301 | ||
| 005 | 20240502071639.3 | ||
| 020 | |a 80-89202-00-4 | ||
| 041 | 0 | |a slo | |
| 044 | |a SK | ||
| 245 | 1 | 0 | |a Proces vybavovania reklamácií |c Mária Dzurová |
| 264 | 1 | |a Hronský Beňadik |b NETRI |c 2004 | |
| 300 | |a 98 s. | ||
| 610 | 2 | 0 | |a reklamácie |
| 610 | 2 | 0 | |a konanie reklamačné |
| 610 | 2 | 0 | |a kanály distribučné |
| 610 | 2 | 0 | |a kvalita tovaru |
| 610 | 2 | 0 | |a kvalita výrobkov |
| 610 | 2 | 0 | |a spokojnosť zákazníkov |
| 610 | 2 | 0 | |a ochrana spotrebiteľa |
| 610 | 2 | 0 | |a marketing |
| 100 | 1 | |a Dzurová, Mária | |
| 710 | 2 | |a Ekonomická univerzita v Bratislave | |